000
00212 a2200097 4500
001
49480
100
_a
Koestler
245
_a
Yogi and the commissar
260
_a
London
_b
Jonathan cape
_c
090
_c
32011
_d
32011
942
_a
NUST-CAE
_c
M
_c
24461
999
_c
284553
_d
284553